=LDR 00000nam 2200000 4500 =001 INLIS000000000020220 =005 20201210103041 =035 ##$$a 0010-061300000020220 =008 201210################g##########0#ind## =041 ##$$a Ind =082 ##$$a 331.89 =090 ##$$a 331.89, Hus p =100 1#$$a Husni, Lalu =245 1#$$a Penyelesaian perselisihan hubungan industrial melalui pengadilan dan di luar pengadilan /$c Lalu Husni, S.H., M.Hum. =260 ##$$a Jakarta :$b Rajagrfindo Persada,$c 2005 =300 ##$$a x, 232 hlm, 21 cm ; $c 21x14 cm =650 #4$$a Hubungan industrial =850 ##$$a NBPNMAT =020 ##$$a 979-3654-01-5 =084 ##$$a 331.89 HUS p =250 ##$$a cet. 2 =520 ##$$a Bilbiografi: hlm.131 =990 ##$$a 21108898 =990 ##$$a 20611968 =990 ##$$a 20611969 =990 ##$$a 20611971